000 00674nam a2200277Ia 4500
005 20260121124609.0
008 008 260114s9999 xx 000 0 eng d
020 _a9780674492172
037 _aEBOOK
040 _aCRL
040 _beng
040 _cCRL
041 _2eng
041 _aeng
084 _qCRL
100 _aDean, Vera Micheles
_9978681
245 0 _aNew Patterns of Democracy in India
260 _bWalter de Gruyter
260 _bWalter de Gruyter
260 _c1969
650 _aPolitical Science
_9978682
856 _uhttp://www.degruyter.com/isbn/9780674492172
942 _cEBOOK
999 _c1555779
_d1555779